Derecho administrativo general

Enregistré dans:
Détails bibliographiques
Auteur principal: Bermúdez Soto, Jorge Andrés (autor)
Collectivité auteur: Pontíficia Universidad Católica de Valparaíso (autor)
Format: Livre
Langue:espagnol
Publié: Santiago, Chile: Legal Publishing, Thomson Reuters, 2014
Édition:Tercera edición actualizada
Collection:La Ley
Sujets:
Tags: Ajouter un tag
Pas de tags, Soyez le premier à ajouter un tag!

MARC

LEADER 00000cam a2200000 a 4500
001 UCE3261
003 CL-VaPUC
005 20250430091030.0
008 140821e20140000cl |||||||||||||||||spa|d
999 |c 356684  |d 356682 
020 |a 9789563465358 
040 |c Pontificia Universidad Católica de Valparaíso 
082 0 4 |a 342.83 BER 2014  |2 21 
100 1 |a Bermúdez Soto, Jorge Andrés  |e autor  |9 889258 
110 2 |a Pontíficia Universidad Católica de Valparaíso  |e autor  |9 575821 
245 1 0 |a Derecho administrativo general 
250 |a Tercera edición actualizada 
260 |a Santiago, Chile:  |b Legal Publishing, Thomson Reuters,  |c 2014 
300 |a 794 páginas 
490 0 |a La Ley 
583 |a last modification  |c 20140821 14:35:00  |k Rodrigo Vera 
650 1 |a Derecho administrativo  |9 254851 
650 1 |a Actos administrativos  |9 256128 
650 1 |a Procedimiento administrativo  |9 256132 
650 1 |a Contratos administrativos  |9 256130 
650 1 |a Organización administrativa  |9 257438 
650 1 |a Administración local  |9 391179 
942 |c BK  |2 ddc 
945 |d 20140821 14:35:00  |a arojas 
952 |0 0  |1 0  |2 ddc  |3 erb  |4 0  |6 342_830000000000000_BER_2014  |7 0  |8 A  |9 464177  |a BIBDER  |b BIBDER  |i 5110815  |l 9  |m 1  |o 342.83 BER 2014  |p 5110815  |r 2025-03-24  |s 2025-03-10  |w 2019-11-23  |y BK  |z Catalogado en:20140821  |k DER 
952 |0 0  |1 0  |3 erb  |4 0  |6 342_830000000000000_BER_2014  |7 0  |8 A  |9 464178  |a BIBDER  |b BIBDER  |i 5110823  |l 16  |m 2  |o 342.83 BER 2014  |p 5110823  |r 2025-05-05  |s 2025-04-28  |w 2019-11-23  |y BK  |z Catalogado en:20140821  |k DER 
952 |0 0  |1 0  |3 erb  |4 0  |6 342_830000000000000_BER_2014  |7 0  |8 A  |9 464179  |a BIBDER  |b BIBDER  |i 5110831  |l 6  |m 2  |o 342.83 BER 2014  |p 5110831  |r 2024-11-15  |s 2024-10-25  |w 2019-11-23  |y BK  |z Catalogado en:20140821  |k DER 
952 |0 0  |1 0  |3 erb  |4 0  |6 342_830000000000000_BER_2014  |7 0  |8 A  |9 464180  |a BIBDER  |b BIBDER  |i 511084K  |l 7  |o 342.83 BER 2014  |p 511084K  |r 2023-11-13  |s 2023-11-09  |w 2019-11-23  |y BK  |z Catalogado en:20140821  |k DER 
952 |0 0  |1 0  |3 erb  |4 0  |6 342_830000000000000_BER_2014  |7 0  |8 A  |9 464181  |a BIBDER  |b BIBDER  |i 5110858  |l 6  |o 342.83 BER 2014  |p 5110858  |r 2024-10-10  |s 2024-10-04  |w 2019-11-23  |y BK  |z Catalogado en:20140821  |k DER 
952 |0 0  |1 0  |3 erb  |4 0  |6 342_830000000000000_BER_2014  |7 0  |8 A  |9 464182  |a BIBDER  |b BIBDER  |i 5125170  |l 13  |m 3  |o 342.83 BER 2014  |p 5125170  |r 2024-12-11  |s 2024-11-29  |w 2019-11-23  |y BK  |z Catalogado en:20141113  |k DER 
952 |0 0  |1 0  |3 erb  |4 0  |6 342_830000000000000_BER_2014  |7 0  |8 A  |9 464183  |a BIBDER  |b BIBDER  |i 5125189  |l 16  |m 4  |o 342.83 BER 2014  |p 5125189  |r 2025-05-09  |s 2025-05-09  |w 2019-11-23  |y BK  |z Catalogado en:20141113  |k DER 
952 |0 0  |1 0  |2 ddc  |3 erb  |4 0  |6 342_830000000000000_BER_2014  |7 0  |8 A  |9 464184  |a BIBDER  |b BIBDER  |i 5125197  |l 1  |o 342.83 BER 2014  |p 5125197  |r 2023-01-25  |s 2022-05-06  |w 2019-11-23  |y BK  |z Catalogado en:20141113  |k DER 
952 |0 0  |1 0  |3 erb  |4 0  |6 342_830000000000000_BER_2014  |7 0  |8 A  |9 464185  |a BIBDER  |b BIBDER  |i 5125200  |l 16  |m 7  |o 342.83 BER 2014  |p 5125200  |r 2025-04-25  |s 2025-04-09  |w 2019-11-23  |y BK  |z Catalogado en:20141113  |k DER 
952 |0 0  |1 0  |3 erb  |4 0  |6 342_830000000000000_BER_2014  |7 0  |8 A  |9 464186  |a BIBDER  |b BIBDER  |i 5125219  |l 19  |o 342.83 BER 2014  |p 5125219  |r 2025-04-30  |s 2025-04-30  |w 2019-11-23  |y BK  |z Catalogado en:20141113  |k DER 
952 |0 0  |1 0  |3 erb  |4 0  |6 342_830000000000000_BER_2014  |7 0  |8 A  |9 464187  |a BIBDER  |b BIBDER  |i 5146216  |l 17  |m 4  |o 342.83 BER 2014  |p 5146216  |r 2025-04-25  |s 2025-03-28  |w 2019-11-23  |y BK  |z Catalogado en:20150416  |k DER 
952 |0 0  |1 0  |3 erb  |4 0  |6 342_830000000000000_BER_2014  |7 0  |8 A  |9 464188  |a BIBDER  |b BIBDER  |i 5146224  |l 7  |m 1  |o 342.83 BER 2014  |p 5146224  |r 2025-04-21  |s 2025-04-10  |w 2019-11-23  |y BK  |z Catalogado en:20150416  |k DER 
952 |0 0  |1 0  |3 erb  |4 0  |6 342_830000000000000_BER_2014  |7 0  |8 A  |9 464189  |a BIBDER  |b BIBDER  |i 5146232  |l 3  |o 342.83 BER 2014  |p 5146232  |r 2023-01-25  |s 2022-04-07  |w 2019-11-23  |y BK  |z Catalogado en:20150416  |k DER 
952 |0 0  |1 0  |3 erb  |4 0  |6 342_830000000000000_BER_2014  |7 0  |8 A  |9 464190  |a BIBDER  |b BIBDER  |i 5146240  |l 8  |o 342.83 BER 2014  |p 5146240  |r 2023-09-28  |s 2023-09-21  |w 2019-11-23  |y BK  |z Catalogado en:20150416  |k DER 
952 |0 0  |1 0  |3 erb  |4 0  |6 342_830000000000000_BER_2014  |7 0  |8 A  |9 464191  |a BIBDER  |b BIBDER  |i 5146259  |l 22  |m 1  |o 342.83 BER 2014  |p 5146259  |r 2025-04-17  |s 2025-04-10  |w 2019-11-23  |y BK  |z Catalogado en:20150416  |k DER 
952 |0 0  |1 0  |3 erb  |4 0  |6 342_830000000000000_BER_2014  |7 0  |8 A  |9 464192  |a BIBDER  |b BIBDER  |i 5466253  |l 22  |m 4  |o 342.83 BER 2014  |p 5466253  |r 2025-04-21  |s 2025-04-15  |w 2019-11-23  |y BK  |z Catalogado en:20180413  |k DER 
952 |0 0  |1 0  |3 erb  |4 0  |6 342_830000000000000_BER_2014  |7 0  |8 A  |9 464193  |a BIBDER  |b BIBDER  |i 5466261  |l 18  |m 1  |o 342.83 BER 2014  |p 5466261  |q 2025-05-16  |r 2025-05-09  |s 2025-05-09  |w 2019-11-23  |y BK  |z Catalogado en:20180413  |k DER 
952 |0 0  |1 0  |3 erb  |4 0  |6 342_830000000000000_BER_2014  |7 0  |8 A  |9 464194  |a BIBDER  |b BIBDER  |i 5491045  |l 28  |m 9  |o 342.83 BER 2014  |p 5491045  |q 2025-12-31  |r 2024-11-18  |s 2024-11-18  |w 2019-11-23  |y BK  |z Catalogado en:20180824  |k DER 
952 |0 0  |1 0  |3 erb  |4 0  |6 342_830000000000000_BER_2014  |7 0  |8 A  |9 464195  |a BIBDER  |b BIBDER  |i 5491371  |l 18  |m 9  |o 342.83 BER 2014  |p 5491371  |r 2025-04-21  |s 2025-04-21  |w 2019-11-23  |y BK  |z Catalogado en:20180824  |k DER 
952 |0 0  |1 0  |3 erb  |4 0  |6 342_830000000000000_BER_2014  |7 0  |8 A  |9 464196  |a BIBDER  |b BIBDER  |i 5491363  |l 30  |m 6  |o 342.83 BER 2014  |p 5491363  |r 2025-05-09  |s 2025-05-09  |w 2019-11-23  |y BK  |z Catalogado en:20180824  |k DER 
952 |0 0  |1 0  |3 erb  |4 0  |6 342_830000000000000_BER_2014  |7 0  |8 A  |9 464197  |a BIBDER  |b BIBDER  |i 5491401  |l 17  |m 4  |o 342.83 BER 2014  |p 5491401  |r 2025-04-01  |s 2025-03-11  |w 2019-11-23  |y BK  |z Catalogado en:20180824  |k DER 
952 |0 0  |1 0  |3 erb  |4 0  |6 342_830000000000000_BER_2014  |7 0  |8 A  |9 464198  |a BIBDER  |b BIBDER  |i 5491398  |l 28  |m 14  |o 342.83 BER 2014  |p 5491398  |r 2025-05-09  |s 2025-05-09  |w 2019-11-23  |y BK  |z Catalogado en:20180824  |k DER 
952 |0 0  |1 0  |3 erb  |4 0  |6 342_830000000000000_BER_2014  |7 0  |8 A  |9 464199  |a BIBDER  |b BIBDER  |i 549138K  |l 7  |o 342.83 BER 2014  |p 549138K  |r 2025-04-21  |s 2025-04-12  |w 2019-11-23  |y BK  |z Catalogado en:20180824  |k DER 
952 |0 0  |1 0  |3 erb  |4 0  |6 342_830000000000000_BER_2014  |7 0  |8 A  |9 464200  |a BIBDER  |b BIBDER  |i 5494494  |l 23  |m 3  |o 342.83 BER 2014  |p 5494494  |r 2025-05-08  |s 2025-05-02  |w 2019-11-23  |y BK  |z Catalogado en:20180831  |k DER